[Event "CAN op"]
[Site "Hamilton CAN"]
[Date "2022.07.13"]
[Round "4.20"]
[White "Perez Rodriguez, Luis Manuel"]
[Black "Chen, Rachel Ruoxuan"]
[Result "1-0"]
[WhiteElo "2328"]
[BlackElo "1988"]
[PlyCount "87"]
[EventDate "2022.07.12"]
[EventType "swiss"]
[EventRounds "9"]
[EventCountry "CAN"]

1. e4 e5 2. Nf3 Nc6 3. Bb5 Nf6 4. d4 exd4 5. O-O a6 6. Ba4 Be7 7. e5 Ne4 8.
Nxd4 Nc5 9. Nf5 O-O 10. Qg4 g6 11. Bxc6 dxc6 12. Nxe7+ Qxe7 13. Qg3 Re8 14. Re1
Bf5 15. Na3 Ne6 16. Bh6 b5 17. c3 c5 18. Nb1 Rad8 19. Nd2 Rd3 20. f3 c4 21. Nf1
Ng7 22. Kh1 Qc5 23. Qg5 Qe7 24. Qg3 Qc5 25. Qh4 Bc8 26. Ng3 Bb7 27. Qf4 Ne6 28.
Qg4 Kh8 29. h4 Ng7 30. Bxg7+ Kxg7 31. Nh5+ Kh8 32. Nf6 Rxe5 33. Qf4 Rde3 34.
Red1 Qe7 35. Rd7 Re1+ 36. Kh2 Qf8 37. Rxe1 Rxe1 38. Rxc7 Qb8 39. Nxh7 Re7 40.
Qf6+ Kxh7 41. Qxe7 Bd5 42. Qe5 Qd8 43. Re7 Be6 44. Qxe6 1-0

[Event "CAN op"]
[Site "Hamilton CAN"]
[Date "2022.07.13"]
[Round "4.21"]
[White "Richard, Leo"]
[Black "Rusonik, Max"]
[Result "0-1"]
[WhiteElo "2014"]
[BlackElo "2312"]
[PlyCount "60"]
[EventDate "2022.07.12"]
[EventType "swiss"]
[EventRounds "9"]
[EventCountry "CAN"]

1. d4 Nf6 2. Nf3 d5 3. c4 e6 4. e3 c5 5. Nc3 Nc6 6. cxd5 exd5 7. Be2 c4 8. O-O
Bb4 9. Ne5 O-O 10. Nxc6 bxc6 11. Bf3 Bf5 12. Ne2 Qa5 13. a4 Rfb8 14. Ng3 Bg6
15. Be2 Rb7 16. f4 Be4 17. Bf3 Bd3 18. Be2 Bxe2 19. Qxe2 Re8 20. Qc2 Be1 21.
Nf5 Rb3 22. Qe2 Bb4 23. Nh4 Ne4 24. Nf3 f6 25. Ra2 Qc7 26. Ne1 Bxe1 27. Qxe1
Qb7 28. Rf3 Rd3 29. Ra3 Rxa3 30. bxa3 c3 0-1

[Event "CAN op"]
[Site "Hamilton CAN"]
[Date "2022.07.13"]
[Round "4.22"]
[White "Su, Ethan"]
[Black "Zomorrodian, Eilia"]
[Result "0-1"]
[WhiteElo "1987"]
[BlackElo "2263"]
[PlyCount "64"]
[EventDate "2022.07.12"]
[EventType "swiss"]
[EventRounds "9"]
[EventCountry "CAN"]

1. d4 Nf6 2. c4 g6 3. Nf3 Bg7 4. g3 O-O 5. Bg2 d6 6. Nc3 Nc6 7. O-O Bf5 8. d5
Na5 9. Nd2 c5 10. e4 Bd7 11. Qc2 a6 12. b3 e5 13. Nd1 b5 14. Bb2 Rb8 15. Bc3
Bh6 16. f4 exf4 17. gxf4 Nh5 18. f5 Nf4 19. Nf3 bxc4 20. Bxa5 Qxa5 21. bxc4 Ba4
22. Qf2 Bg7 23. e5 dxe5 24. Qh4 Nxg2 25. Kxg2 e4 26. Ng5 h6 27. Nxe4 Bxa1 28.
f6 Bc2 29. Ndf2 Qxa2 30. Kg1 Bxe4 31. Nxe4 Rb1 32. Qxh6 Rxf1+ 0-1

[Event "CAN op"]
[Site "Hamilton CAN"]
[Date "2022.07.13"]
[Round "4.23"]
[White "Doknjas, Neil"]
[Black "Guo, Veronica (Yu Han)"]
[Result "1-0"]
[WhiteElo "2262"]
[BlackElo "1984"]
[PlyCount "77"]
[EventDate "2022.07.12"]
[EventType "swiss"]
[EventRounds "9"]
[EventCountry "CAN"]

1. e4 c6 2. d4 d5 3. e5 Bf5 4. Nf3 e6 5. Be2 Ne7 6. O-O Nd7 7. Nbd2 h6 8. Nb3
Qc7 9. a4 a6 10. Bd2 Bh7 11. a5 c5 12. c4 dxc4 13. Nxc5 Nxc5 14. dxc5 Nc6 15.
Rc1 Bxc5 16. Rxc4 Be7 17. Nd4 Qxe5 18. Bc3 Nxd4 19. Rxd4 Be4 20. Rc4 Qf5 21.
Qa4+ Bc6 22. Rxc6 O-O 23. Rc7 Bd6 24. Qd4 e5 25. Qxd6 Rad8 26. Qxe5 Qxe5 27.
Bxe5 Rfe8 28. f4 f6 29. Bc4+ Kh8 30. Bc3 Re4 31. g3 h5 32. Rc5 Kh7 33. Re1
Rxe1+ 34. Bxe1 Kg6 35. f5+ Kg5 36. Bf2 Re8 37. Be6 h4 38. Rc4 hxg3 39. Be3+ 1-0

[Event "CAN op"]
[Site "Hamilton CAN"]
[Date "2022.07.13"]
[Round "4.24"]
[White "Li, Adam"]
[Black "Saha, Ananda"]
[Result "1-0"]
[WhiteElo "1942"]
[BlackElo "2240"]
[PlyCount "133"]
[EventDate "2022.07.12"]
[EventType "swiss"]
[EventRounds "9"]
[EventCountry "CAN"]

1. e4 e6 2. d4 d5 3. Nd2 Nf6 4. e5 Nfd7 5. Bd3 c5 6. c3 Nc6 7. Ne2 a5 8. O-O
cxd4 9. cxd4 Nb6 10. f4 g6 11. Nf3 Bd7 12. Nc3 a4 13. Be3 Nb4 14. Bf2 Nxd3 15.
Qxd3 Nc4 16. b3 axb3 17. axb3 Na3 18. Ra2 b5 19. Rfa1 b4 20. Nb1 Be7 21. Be1
Rc8 22. Nxa3 bxa3 23. b4 Qb6 24. Qxa3 Bb5 25. Rc1 Rxc1 26. Qxc1 O-O 27. h3 Bc4
28. Rb2 Ra8 29. Bc3 Ra4 30. Qd2 Qb5 31. Kh2 Bd8 32. Qc1 Bb6 33. Qe1 Ra3 34. Rb1
Qa4 35. Ra1 Rxa1 36. Qxa1 Qc6 37. Ne1 Kg7 38. Nc2 Bd3 39. Ne3 Qb5 40. Qe1 Bd8
41. Qd2 Be4 42. Kg1 h5 43. Nd1 h4 44. Nf2 Bf5 45. Qb2 Be7 46. Nd1 Bd3 47. Ne3
Qc6 48. Be1 Bb5 49. Qd2 Qa6 50. Ng4 Qa1 51. Kh2 Qb1 52. Kg1 Qf5 53. Nh2 Qb1 54.
Nf3 Bd3 55. Kh2 Be4 56. Nxh4 Qb3 57. Kg1 Qa3 58. Kh2 Qb3 59. g4 Bxh4 60. Bxh4
Qb1 61. Bf6+ Kh7 62. Qf2 Kg8 63. Qd2 Qh1+ 64. Kg3 Qg1+ 65. Kh4 Kh7 66. Qc3 g5+
67. Kxg5 1-0

[Event "CAN op"]
[Site "Hamilton CAN"]
[Date "2022.07.13"]
[Round "4.25"]
[White "Huang, Youhe"]
[Black "Chen, Richard"]
[Result "1/2-1/2"]
[WhiteElo "2237"]
[BlackElo "1955"]
[PlyCount "164"]
[EventDate "2022.07.12"]
[EventType "swiss"]
[EventRounds "9"]
[EventCountry "CAN"]

1. e4 e5 2. Nf3 Nc6 3. Bb5 a6 4. Ba4 Nf6 5. d3 b5 6. Bb3 Be7 7. O-O d6 8. h3
Na5 9. Nbd2 Nxb3 10. Nxb3 O-O 11. a4 Be6 12. Na5 Bd7 13. axb5 axb5 14. Bg5 c5
15. Qd2 h6 16. Bxf6 Bxf6 17. b4 Qc7 18. c3 Be6 19. Rac1 Qe7 20. Rfe1 Bg5 21.
Nxg5 Qxg5 22. Qxg5 hxg5 23. Nb7 cxb4 24. Nxd6 bxc3 25. Nxb5 Rab8 26. Nxc3 Rfd8
27. Re3 Rb3 28. Kf1 Rd4 29. Ke1 Rb2 30. Re2 Rb3 31. Re3 Rb2 32. Rb1 Rc2 33. Ne2
Rd8 34. Rd1 Bb3 35. Rd2 Rxd2 36. Kxd2 Bc4 37. Nc1 Ba6 38. Nb3 f6 39. Nc5 Bb5
40. Kc3 Rd4 41. Re2 Be8 42. Rb2 Rd8 43. Rb7 Bf7 44. Rc7 Kf8 45. Nd7+ Kg8 46.
Nb6 Rd6 47. Nc8 Ra6 48. Ne7+ Kf8 49. Nf5 g6 50. Rc8+ Be8 51. Ne3 Rc6+ 52. Rxc6
Bxc6 53. Kc4 Ke7 54. Nd5+ Ke6 55. Nc3 Kd6 56. Nb5+ Ke7 57. Kc5 Bd7 58. Kb6 Bc8
59. Na7 Bd7 60. Nb5 Bc8 61. Kc7 Ba6 62. Kc6 Bc8 63. d4 exd4 64. Nxd4 Ba6 65. g3
Bf1 66. h4 gxh4 67. gxh4 Bg2 68. f3 Bh1 69. Kd5 Bg2 70. Kc4 Kd6 71. Kd3 Ke5 72.
Ke3 Bh3 73. f4+ Kd6 74. f5 gxf5 75. h5 Ke7 76. Nxf5+ Kf7 77. Kd4 Bg2 78. Nd6+
Kg7 79. Nf5+ Kf7 80. Ke3 Kg8 81. Kf4 Kh7 82. Ne3 Bxe4 1/2-1/2

[Event "CAN op"]
[Site "Hamilton CAN"]
[Date "2022.07.13"]
[Round "4.26"]
[White "Colvin, Andrew"]
[Black "Buscar, Michael"]
[Result "1-0"]
[WhiteElo "1937"]
[BlackElo "2223"]
[PlyCount "103"]
[EventDate "2022.07.12"]
[EventType "swiss"]
[EventRounds "9"]
[EventCountry "CAN"]

1. d4 Nf6 2. c4 e6 3. Nf3 d5 4. Nc3 Be7 5. Bf4 a6 6. e3 O-O 7. Rc1 dxc4 8. Bxc4
b5 9. Bb3 Bb7 10. O-O Nbd7 11. d5 exd5 12. Nxd5 Nxd5 13. Bxd5 Bxd5 14. Qxd5 Ra7
15. Rfd1 c5 16. Qf5 Qc8 17. Bd6 Bxd6 18. Rxd6 h6 19. h3 Re8 20. b3 Rc7 21. Qd3
Nf8 22. Rd1 c4 23. bxc4 Rxc4 24. Qa3 Ra4 25. Qb2 Qc4 26. a3 Qc5 27. R6d3 Rc4
28. Nd4 Rc8 29. Qa1 Ng6 30. Nf3 Rc3 31. Qb2 Kh7 32. Qb4 Qxb4 33. axb4 Rxd3 34.
Rxd3 Rc1+ 35. Kh2 Ra1 36. Rd7 f6 37. Ra7 Ne5 38. Nd4 Nd3 39. Nxb5 Nxb4 40. Nd4
a5 41. Nf5 a4 42. Rxg7+ Kh8 43. Rb7 Nd3 44. Nd6 Nxf2 45. Kg3 Ra2 46. Ra7 h5 47.
Kh4 Nd1 48. Kxh5 Kg8 49. g4 Nxe3 50. Kg6 Kf8 51. Rf7+ Kg8 52. Re7 1-0

[Event "CAN op"]
[Site "Hamilton CAN"]
[Date "2022.07.13"]
[Round "4.27"]
[White "Joseph Benher, Savio"]
[Black "He, Matthew"]
[Result "1-0"]
[WhiteElo "2213"]
[BlackElo "1945"]
[PlyCount "57"]
[EventDate "2022.07.12"]
[EventType "swiss"]
[EventRounds "9"]
[EventCountry "CAN"]

1. e4 c6 2. d4 d5 3. e5 Bf5 4. h4 h5 5. Bd3 Bxd3 6. Qxd3 e6 7. Bg5 Be7 8. Nf3
Qa5+ 9. Nbd2 Qb5 10. c4 Qa6 11. O-O Bxg5 12. Nxg5 Ne7 13. a4 b6 14. b4 Qb7 15.
b5 Nd7 16. Qf3 Nf5 17. cxd5 cxd5 18. Nc4 Qb8 19. Ne3 g6 20. Nxf5 gxf5 21. Rac1
a6 22. Rc6 axb5 23. Rfc1 Rh6 24. axb5 Kf8 25. Rc7 Ra1 26. Qc3 Rxc1+ 27. Qxc1
Ke7 28. Qc6 Qe8 29. Rc8 1-0

[Event "CAN op"]
[Site "Hamilton CAN"]
[Date "2022.07.13"]
[Round "4.28"]
[White "Rosenberg, Evan"]
[Black "Schneider, Mitchell"]
[Result "1-0"]
[WhiteElo "2205"]
[BlackElo "1684"]
[PlyCount "35"]
[EventDate "2022.07.12"]
[EventType "swiss"]
[EventRounds "9"]
[EventCountry "CAN"]

1. e4 c5 2. Nc3 d6 3. f4 Nc6 4. Nf3 e6 5. Bb5 Bd7 6. a4 Nf6 7. d3 Nd4 8. O-O
Be7 9. e5 Nd5 10. Nxd5 exd5 11. Nxd4 cxd4 12. Qg4 Bxb5 13. Qxg7 Rf8 14. axb5
Qb6 15. exd6 Bxd6 16. Re1+ Kd7 17. Bd2 Rac8 18. Qg4+ 1-0

[Event "CAN op"]
[Site "Hamilton CAN"]
[Date "2022.07.13"]
[Round "4.29"]
[White "Cater, Brendan"]
[Black "Moura, Eduardo"]
[Result "0-1"]
[WhiteElo "1860"]
[BlackElo "2194"]
[PlyCount "110"]
[EventDate "2022.07.12"]
[EventType "swiss"]
[EventRounds "9"]
[EventCountry "CAN"]

1. e4 c5 2. Nf3 g6 3. c4 Nc6 4. Nc3 Bg7 5. d3 d6 6. Be2 Nf6 7. h3 O-O 8. Be3 e5
9. Qd2 a6 10. Bh6 Kh8 11. Bxg7+ Kxg7 12. Nh2 Nd4 13. Ng4 Ng8 14. Ne3 f5 15.
O-O-O b5 16. f3 f4 17. Nc2 Be6 18. Kb1 Nc6 19. Na1 Qb6 20. Rc1 Rfb8 21. Nd5 Qb7
22. Qc3 Nd4 23. Bd1 Ne7 24. Rf1 Bxd5 25. exd5 Nef5 26. Rf2 Qb6 27. Nb3 a5 28.
Qe1 Ne3 29. Nd2 a4 30. Ne4 Ndf5 31. Re2 Nd4 32. Rd2 Ndf5 33. Re2 Nd4 34. Rd2
Nef5 35. Qf2 Ra7 36. Qe1 Rab7 37. Qf2 h6 38. Rc3 g5 39. Rc1 Kg6 40. Rc3 h5 41.
g3 h4 42. gxf4 gxf4 43. Rc1 Ng3 44. Qg1 Kh6 45. Rg2 Kh7 46. Ka1 bxc4 47. Nxg3
a3 48. Rxc4 axb2+ 49. Kb1 hxg3 50. a4 Qa5 51. Qf1 Nb5 52. Kxb2 Nc3+ 53. Ka3 Rb1
54. h4 Ra1+ 55. Ra2 Rxa2# 0-1

[Event "CAN op"]
[Site "Hamilton CAN"]
[Date "2022.07.13"]
[Round "4.30"]
[White "Dorn, Paris"]
[Black "Gaisinsky, Jacob"]
[Result "1-0"]
[WhiteElo "2175"]
[BlackElo "1568"]
[PlyCount "65"]
[EventDate "2022.07.12"]
[EventType "swiss"]
[EventRounds "9"]
[EventCountry "CAN"]

1. d4 Nf6 2. c4 e6 3. Nc3 Bb4 4. f3 d5 5. a3 Bxc3+ 6. bxc3 O-O 7. cxd5 exd5 8.
e3 b6 9. Bd3 Bb7 10. Ne2 Re8 11. O-O Nbd7 12. Ng3 c5 13. Ra2 c4 14. Bb1 Qc7 15.
Re2 Re7 16. e4 h6 17. e5 Ne8 18. f4 Nf8 19. f5 f6 20. e6 Rd8 21. Rf4 Kh8 22.
Rh4 Bc6 23. Bf4 Qb7 24. Qc1 Rc8 25. Bxh6 Nh7 26. Bf4 Ba4 27. Qf1 g5 28. fxg6
Ng7 29. Bd6 Ree8 30. e7 Rc6 31. Rxh7+ Kg8 32. Rxg7+ Kxg7 33. Nh5+ 1-0

[Event "CAN op"]
[Site "Hamilton CAN"]
[Date "2022.07.13"]
[Round "4.31"]
[White "Li, Eric"]
[Black "Faizy, Mohammed"]
[Result "1-0"]
[WhiteElo "2165"]
[BlackElo "1503"]
[PlyCount "131"]
[EventDate "2022.07.12"]
[EventType "swiss"]
[EventRounds "9"]
[EventCountry "CAN"]

1. d4 Nf6 2. Nf3 e6 3. Bf4 b6 4. e3 Bb7 5. Bd3 Nh5 6. Bg5 Be7 7. Bxe7 Qxe7 8.
c4 d6 9. Nc3 Nd7 10. O-O c5 11. Re1 O-O 12. a3 Nhf6 13. e4 cxd4 14. Nxd4 Nc5
15. Bc2 Rfd8 16. Rc1 Rac8 17. Qe2 Ncd7 18. b3 Ne5 19. f3 Nh5 20. Qe3 Ng6 21.
Bd3 Nhf4 22. Bf1 Rc5 23. g3 Nh5 24. Ndb5 Ba8 25. Red1 Nf6 26. Rd2 Ne8 27. Rcd1
h6 28. a4 Rcc8 29. f4 a6 30. Nd4 Nf6 31. Bg2 Nf8 32. h3 N6d7 33. Kh2 Nc5 34.
Ra2 Qc7 35. Nb1 Nh7 36. Nd2 Nf6 37. Rc1 Qb7 38. Re1 Qc7 39. b4 Ncd7 40. a5 Rb8
41. axb6 Rxb6 42. Nc2 Rdb8 43. Rea1 Bb7 44. Ra5 Bc8 45. e5 dxe5 46. fxe5 Nh7
47. c5 Rb5 48. Nc4 Nhf8 49. c6 Nb6 50. Nd6 Rxa5 51. Rxa5 Nd5 52. Qc5 Rb6 53.
Nd4 Rxb4 54. Bxd5 Rxd4 55. Qxd4 Qxa5 56. Be4 Qc7 57. Qc5 Ng6 58. Bxg6 fxg6 59.
h4 a5 60. Nxc8 Qxc8 61. c7 Kh7 62. Qxa5 Qb7 63. Qc3 Qe4 64. c8=Q Qe2+ 65. Kg1
h5 66. Q8c6 1-0

[Event "CAN op"]
[Site "Hamilton CAN"]
[Date "2022.07.13"]
[Round "4.32"]
[White "Mikhalevski, Victor"]
[Black "Jizan, Masoud"]
[Result "1-0"]
[WhiteElo "2629"]
[BlackElo "1694"]
[PlyCount "51"]
[EventDate "2022.07.12"]
[EventType "swiss"]
[EventRounds "9"]
[EventCountry "CAN"]

1. d4 Nf6 2. Bg5 Ne4 3. Bf4 Nf6 4. Nc3 e6 5. a3 d5 6. e3 Bd7 7. Nf3 Nc6 8. Bd3
Be7 9. g4 Nxg4 10. Rg1 h5 11. h3 e5 12. dxe5 Nxf2 13. Kxf2 Bxh3 14. Rxg7 Bg4
15. Qh1 Bxf3 16. Qxf3 d4 17. Bg3 dxe3+ 18. Kg1 Rf8 19. Bc4 Qd7 20. Bxf7+ Kd8
21. Rd1 Nd4 22. Qxb7 Rc8 23. e6 Ne2+ 24. Kg2 Qxd1 25. Nxd1 Nxg3 26. Qc6 1-0

[Event "CAN op"]
[Site "Hamilton CAN"]
[Date "2022.07.13"]
[Round "4.33"]
[White "Chhatralia, Bhavik"]
[Black "Sambuev, Bator"]
[Result "0-1"]
[WhiteElo "1683"]
[BlackElo "2568"]
[PlyCount "66"]
[EventDate "2022.07.12"]
[EventType "swiss"]
[EventRounds "9"]
[EventCountry "CAN"]

1. e4 c5 2. Nf3 d6 3. d4 cxd4 4. Nxd4 Nf6 5. Nc3 g6 6. Bb5+ Bd7 7. Bxd7+ Nbxd7
8. O-O Bg7 9. Be3 O-O 10. Nf3 Ng4 11. Bd2 Rc8 12. Nd5 e6 13. Ne3 Ngf6 14. Bc3
Rxc3 15. bxc3 Nxe4 16. Rb1 Ndc5 17. Nd4 Nxc3 18. Qd2 Bxd4 19. Rb4 Bg7 20. f3 b5
21. Ng4 a5 22. Rb2 h5 23. Nf2 b4 24. Nd3 N5a4 25. Rb3 Nxa2 26. Rd1 N2c3 27. Re1
Nc5 28. Nxc5 dxc5 29. Qf4 a4 30. Rb2 Nd5 31. Qc1 Bxb2 32. Qxb2 Qf6 33. Qc1 a3
0-1

[Event "CAN op"]
[Site "Hamilton CAN"]
[Date "2022.07.13"]
[Round "4.34"]
[White "Eiserloh, Clement"]
[Black "Song, Edward"]
[Result "0-1"]
[WhiteElo "1678"]
[BlackElo "2474"]
[PlyCount "106"]
[EventDate "2022.07.12"]
[EventType "swiss"]
[EventRounds "9"]
[EventCountry "CAN"]

1. e4 Na6 2. d4 c6 3. Nf3 g6 4. Be3 Bg7 5. Qd2 Nc7 6. Bd3 d5 7. e5 Bg4 8. Qe2
Qd7 9. Nbd2 Nh6 10. h3 Bf5 11. g4 Bxd3 12. Qxd3 f6 13. O-O-O Nf7 14. exf6 exf6
15. Rde1 O-O-O 16. Kb1 Bf8 17. Nb3 Bd6 18. Re2 Rde8 19. Rhe1 b6 20. Nbd2 Kb7
21. c4 dxc4 22. Nxc4 Nd5 23. Nxd6+ Nxd6 24. Nd2 Re6 25. Nc4 Nxc4 26. Qxc4 Rhe8
27. Qd3 R6e7 28. Qc4 f5 29. Bg5 Rxe2 30. Rxe2 fxg4 31. hxg4 h5 32. Bh4 hxg4 33.
Bg3 Qf5+ 34. Kc1 b5 35. Qc2 Qxc2+ 36. Rxc2 Nb4 37. Rd2 Re1+ 38. Rd1 Nxa2+ 39.
Kd2 Rxd1+ 40. Kxd1 Nb4 41. Kd2 Kc8 42. Bd6 Nd5 43. b4 Kd7 44. Bc5 Ke6 45. Kd3
Kf5 46. Bd6 a6 47. Ke2 Ke4 48. Bc5 Nf4+ 49. Kf1 Kf3 50. Bb6 Nd3 51. Bc5 Nxc5
52. dxc5 g3 53. fxg3 Kxg3 0-1

[Event "CAN op"]
[Site "Hamilton CAN"]
[Date "2022.07.13"]
[Round "4.35"]
[White "Han, Johnathan"]
[Black "Zhang, Raymond Tangning"]
[Result "1-0"]
[WhiteElo "2232"]
[BlackElo "1682"]
[PlyCount "59"]
[EventDate "2022.07.12"]
[EventType "swiss"]
[EventRounds "9"]
[EventCountry "CAN"]

1. e4 e6 2. d4 d5 3. e5 c5 4. c3 Nc6 5. Nf3 Qb6 6. a3 Nge7 7. b4 cxd4 8. cxd4
Nf5 9. Be3 Bd7 10. Bd3 h6 11. O-O Be7 12. Nc3 Qd8 13. Bxf5 exf5 14. Nxd5 g5 15.
b5 Na5 16. Rc1 Kf8 17. Nxe7 Qxe7 18. d5 b6 19. Bd4 Bxb5 20. Re1 Bc4 21. e6 Rg8
22. d6 Qb7 23. e7+ Ke8 24. Ne5 Be6 25. Rc7 Qa6 26. d7+ Kxe7 27. d8=Q+ Kxd8 28.
Bxb6+ Ke8 29. Qd6 Nc6 30. Nxc6 1-0

[Event "CAN op"]
[Site "Hamilton CAN"]
[Date "2022.07.13"]
[Round "4.36"]
[White "Bluvshtein, Ilia"]
[Black "Zhu, Charis"]
[Result "1-0"]
[WhiteElo "2220"]
[BlackElo "1640"]
[PlyCount "57"]
[EventDate "2022.07.12"]
[EventType "swiss"]
[EventRounds "9"]
[EventCountry "CAN"]

1. e4 e5 2. Nf3 Nc6 3. d4 exd4 4. Nxd4 Bc5 5. Be3 Bb6 6. Nf5 Bxe3 7. Nxe3 Nf6
8. Nc3 d6 9. Qd2 O-O 10. O-O-O a6 11. f3 b5 12. Kb1 b4 13. Ncd5 a5 14. h4 Be6
15. h5 h6 16. g4 Bxd5 17. exd5 Ne5 18. Be2 Nh7 19. f4 Nd7 20. Rhg1 Re8 21. Bd3
Ndf8 22. Nf5 a4 23. g5 hxg5 24. fxg5 a3 25. g6 Qf6 26. gxh7+ Kh8 27. Qxb4 Reb8
28. Qd4 Rxb2+ 29. Ka1 1-0

[Event "CAN op"]
[Site "Hamilton CAN"]
[Date "2022.07.13"]
[Round "4.37"]
[White "Campbell, Brett"]
[Black "Parchizadeh, Ashkan"]
[Result "1-0"]
[WhiteElo "2189"]
[BlackElo "1608"]
[PlyCount "107"]
[EventDate "2022.07.12"]
[EventType "swiss"]
[EventRounds "9"]
[EventCountry "CAN"]

1. e4 e6 2. d3 d5 3. Nd2 d4 4. Ngf3 c5 5. a4 Qa5 6. Be2 b5 7. b3 Bd7 8. O-O
bxa4 9. Nc4 Qc7 10. bxa4 Nc6 11. g3 e5 12. Nh4 Be7 13. Nf5 Bxf5 14. exf5 Nf6
15. Bf3 Nd7 16. Re1 f6 17. Bh5+ Kd8 18. a5 Rb8 19. Qg4 Bf8 20. Qe4 Nb4 21. Re2
Qc6 22. Qxc6 Nxc6 23. f4 Kc7 24. Bf3 Bd6 25. Bxc6 Kxc6 26. fxe5 fxe5 27. Bg5
Rhe8 28. Rae1 Kd5 29. g4 g6 30. Rf1 gxf5 31. gxf5 Rg8 32. Rg2 Rbf8 33. Nd2 Rf7
34. Ne4 Be7 35. f6 Bd8 36. a6 Rg6 37. Rb1 Bb6 38. Bh4 Rxg2+ 39. Kxg2 h6 40. Kg3
Ke6 41. Kg4 Bd8 42. Rb7 Bb6 43. Kh5 c4 44. Kxh6 Rf8 45. Ng5+ Kd6 46. Kg7 Rc8
47. f7 Nf8 48. Ne4+ Kc6 49. Re7 Nd7 50. Rxd7 Kxd7 51. f8=Q Rxf8 52. Kxf8 cxd3
53. cxd3 Kc6 54. Bg5 1-0

[Event "CAN op"]
[Site "Hamilton CAN"]
[Date "2022.07.13"]
[Round "4.38"]
[White "Deshpande, Sarthak"]
[Black "Lin, Leo"]
[Result "1/2-1/2"]
[WhiteElo "1595"]
[BlackElo "2189"]
[PlyCount "128"]
[EventDate "2022.07.12"]
[EventType "swiss"]
[EventRounds "9"]
[EventCountry "CAN"]

1. d4 Nf6 2. c4 g6 3. Nc3 d5 4. cxd5 Nxd5 5. Bd2 Bg7 6. e4 Nxc3 7. Bxc3 O-O 8.
Nf3 c5 9. d5 e6 10. Be2 exd5 11. Bxg7 Kxg7 12. exd5 Qd6 13. O-O Nd7 14. Qb3 Nf6
15. Rad1 Bf5 16. Qc3 Kg8 17. Bc4 a6 18. a4 Rfe8 19. a5 Be4 20. Qb3 Rad8 21.
Rfe1 Ng4 22. g3 Qf6 23. Be2 Qf5 24. h3 Ne5 25. Nxe5 Rxe5 26. Bg4 Qf6 27. f4
Rexd5 28. Rxe4 Rxd1+ 29. Bxd1 Qf5 30. Bf3 Qxh3 31. Bg2 Qg4 32. Qf3 Qf5 33. Qe2
Kg7 34. Re8 Rd4 35. Qe5+ Qxe5 36. Rxe5 Rb4 37. Rxc5 Rxb2 38. Rc7 Rb5 39. Bxb7
Rxa5 40. Rc6 Ra1+ 41. Kg2 a5 42. Ra6 a4 43. Ra7 Kh6 44. Bd5 f6 45. Bg8 g5 46.
Rxh7+ Kg6 47. Ra7 gxf4 48. g4 a3 49. Kf3 f5 50. Bh7+ Kg5 51. Bxf5 a2 52. Bd3
Rd1 53. Ra5+ Kf6 54. Rxa2 Rxd3+ 55. Kxf4 Rd4+ 56. Kg3 Rd5 57. Kh4 Kg6 58. Ra6+
Kg7 59. Re6 Ra5 60. Re4 Kg6 61. Re6+ Kg7 62. Re4 Kg6 63. Re6+ Kg7 64. Re4 Kg6
1/2-1/2

[Event "CAN op"]
[Site "Hamilton CAN"]
[Date "2022.07.13"]
[Round "4.39"]
[White "Benggawan, Undriadi"]
[Black "Bailey, Doug"]
[Result "0-1"]
[WhiteElo "1584"]
[BlackElo "2165"]
[PlyCount "64"]
[EventDate "2022.07.12"]
[EventType "swiss"]
[EventRounds "9"]
[EventCountry "CAN"]

1. d4 d5 2. Bf4 Nf6 3. e3 g6 4. Bd3 Bg7 5. Nd2 c5 6. c3 Nc6 7. Ngf3 Nh5 8. Bg3
Nxg3 9. hxg3 e5 10. dxe5 Nxe5 11. Nxe5 Bxe5 12. Qa4+ Kf8 13. Nf3 Bf6 14. Rd1 h5
15. Qc2 Kg7 16. Nh4 Rh6 17. Rd2 Qa5 18. a3 Be6 19. O-O Re8 20. Qc1 Qc7 21. f4
Bg4 22. Rdf2 Qe7 23. Bb5 Rd8 24. Nf3 h4 25. gxh4 Bxh4 26. Rc2 Rdh8 27. Rd1 Bg3
28. Kf1 Qe4 29. Rf2 c4 30. Ke2 Bxf2 31. Kxf2 Rh2 32. Nxh2 Rxh2 0-1

[Event "CAN op"]
[Site "Hamilton CAN"]
[Date "2022.07.13"]
[Round "4.40"]
[White "Moses, Neil"]
[Black "Yang, Jingyun (Ryan)"]
[Result "0-1"]
[WhiteElo "1578"]
[BlackElo "2141"]
[PlyCount "122"]
[EventDate "2022.07.12"]
[EventType "swiss"]
[EventRounds "9"]
[EventCountry "CAN"]

1. e4 c5 2. Nf3 d6 3. d4 cxd4 4. Nxd4 Nf6 5. Nc3 a6 6. a3 e5 7. Nf3 Nc6 8. Bg5
Be7 9. Bc4 h6 10. Bh4 O-O 11. O-O b5 12. Bb3 Bg4 13. Qd3 Nd7 14. Bxe7 Qxe7 15.
Nd5 Qd8 16. Ba2 Nc5 17. Qe3 Bxf3 18. Qxf3 Nd4 19. Qd1 Nxe4 20. c3 Ne6 21. Qg4
Nf6 22. Nxf6+ Qxf6 23. Rad1 Rad8 24. Rd2 Nf4 25. Rfd1 h5 26. Qf3 Qg6 27. Kf1 h4
28. g3 Nh5 29. Qc6 Qf5 30. Bb1 Qh3+ 31. Kg1 hxg3 32. fxg3 Qg4 33. Be4 Nf6 34.
Bg2 e4 35. Rxd6 Qxd1+ 36. Rxd1 Rxd1+ 37. Kf2 Rd2+ 38. Kf1 e3 39. Bf3 Re8 40.
Be2 Rxb2 41. Qxa6 Re6 42. Qc8+ Ne8 43. h4 Kh7 44. Qa8 Rf6+ 45. Ke1 Re6 46. Kf1
g6 47. h5 Rf6+ 48. Ke1 Ng7 49. hxg6+ Rxg6 50. Bd3 f5 51. Qh1+ Rh6 52. Qf3 Rf2
53. Qd5 Rhh2 54. g4 Rhg2 55. Qxb5 Rg1+ 56. Bf1 Rgxf1+ 57. Qxf1 Rxf1+ 58. Kxf1
f4 59. a4 Ne6 60. a5 Nc5 61. Ke2 Kg6 0-1

[Event "CAN op"]
[Site "Hamilton CAN"]
[Date "2022.07.13"]
[Round "4.41"]
[White "Nicholson, Devin"]
[Black "Demchenko, Kyrylo"]
[Result "1/2-1/2"]
[WhiteElo "1545"]
[BlackElo "2109"]
[PlyCount "62"]
[EventDate "2022.07.12"]
[EventType "swiss"]
[EventRounds "9"]
[EventCountry "CAN"]

1. c4 c6 2. d4 d5 3. Nf3 Nf6 4. e3 Bf5 5. Nc3 e6 6. Be2 Bb4 7. Bd2 O-O 8. O-O
Nbd7 9. Nh4 Bg6 10. Nxg6 hxg6 11. cxd5 exd5 12. Bf3 Re8 13. a3 Bxc3 14. Bxc3
Ne4 15. Qc2 f5 16. g3 Ndf6 17. Bg2 Qe7 18. Rae1 Nxc3 19. Qxc3 Rac8 20. b4 b6
21. Rc1 Rc7 22. Rfd1 Ne4 23. Bxe4 Qxe4 24. Qd3 Qxd3 25. Rxd3 Kf7 26. h4 Ke6 27.
Kg2 Kd6 28. Kf3 Re4 29. Rdc3 Re8 30. Kf4 Re4+ 31. Kf3 Re8 1/2-1/2

[Event "CAN op"]
[Site "Hamilton CAN"]
[Date "2022.07.13"]
[Round "4.42"]
[White "Bui, Alan"]
[Black "Chychkevych, Bohdan"]
[Result "1-0"]
[WhiteElo "2097"]
[BlackElo "1580"]
[PlyCount "122"]
[EventDate "2022.07.12"]
[EventType "swiss"]
[EventRounds "9"]
[EventCountry "CAN"]

1. d4 Nf6 2. Nf3 g6 3. c4 Bg7 4. Nc3 d5 5. Bf4 O-O 6. Rc1 Bg4 7. e3 c5 8. dxc5
Qa5 9. cxd5 Ne4 10. Qc2 Nxc5 11. Ne5 Bf5 12. Qd2 Nbd7 13. Nc4 Qd8 14. f3 Nb6
15. e4 Bd7 16. Be3 Nxc4 17. Bxc4 Rc8 18. O-O a6 19. Qf2 Na4 20. Nxa4 Bxa4 21.
b3 Bd7 22. Bb6 Qe8 23. a4 e6 24. Bc5 Rxc5 25. Qxc5 exd5 26. Bxd5 Be6 27. Rfd1
Bxd5 28. Qxd5 Qb8 29. Qd6 Qa7+ 30. Qc5 Qb8 31. g3 b5 32. Qc7 Qe8 33. Qc6 Qe5
34. Qxa6 Qb2 35. Qxb5 h5 36. Qc4 h4 37. Rc2 Qf6 38. Qd3 Qg5 39. Qd2 Qf6 40. Kf2
Qe6 41. Rc4 Qh3 42. Kg1 hxg3 43. hxg3 Qxg3+ 44. Qg2 Qb8 45. Rd3 Rd8 46. Rxd8+
Qxd8 47. Qf2 Bh6 48. Qc2 Qg5+ 49. Kf1 Qh5 50. Qg2 Qe5 51. Qc2 Qh5 52. Ke2 Qh2+
53. Kd3 Qf4 54. Qf2 Bg7 55. b4 Qd6+ 56. Kc2 Qa6 57. Kb3 Qf6 58. a5 Qd6 59. Qe2
Bf8 60. Qc2 Kh7 61. Ka4 Kg8 1-0

[Event "CAN op"]
[Site "Hamilton CAN"]
[Date "2022.07.13"]
[Round "4.43"]
[White "Cloete, Jack"]
[Black "Leonard, Anthony"]
[Result "0-1"]
[WhiteElo "1525"]
[BlackElo "2097"]
[PlyCount "60"]
[EventDate "2022.07.12"]
[EventType "swiss"]
[EventRounds "9"]
[EventCountry "CAN"]

1. d4 d5 2. c4 c6 3. e3 Nf6 4. Nc3 e6 5. Nf3 Nbd7 6. Bd3 dxc4 7. Bxc4 b5 8. Be2
Bd6 9. O-O O-O 10. Qc2 Bb7 11. Bd2 Rc8 12. Rac1 a6 13. a3 c5 14. dxc5 Nxc5 15.
b4 Nce4 16. Qb2 Nxd2 17. Nxd2 Be5 18. f4 Bb8 19. Bf3 Bxf3 20. gxf3 Ba7 21. Kf2
Qd3 22. Rfe1 Nh5 23. Nde4 Qd8 24. Ke2 Qh4 25. Rh1 f5 26. Ng3 Qh3 27. Rcg1 Nxf4+
28. exf4 Bxg1 29. Ke1 Bd4 30. Nge2 Qg2 0-1